<?xml version="1.0" encoding="UTF-8"?>
<record
    xmlns:xsi="http://www.w3.org/2001/XMLSchema-instance"
    xsi:schemaLocation="http://www.loc.gov/MARC21/slim http://www.loc.gov/standards/marcxml/schema/MARC21slim.xsd"
    xmlns="http://www.loc.gov/MARC21/slim">

  <leader>00448nam a22001457a 4500</leader>
  <controlfield tag="005">20260311102831.0</controlfield>
  <controlfield tag="008">260311b        |||||||| |||| 00| 0 eng d</controlfield>
  <datafield tag="050" ind1=" " ind2=" ">
    <subfield code="a">THE TN 424 .087 2022</subfield>
    <subfield code="b">1</subfield>
  </datafield>
  <datafield tag="100" ind1=" " ind2=" ">
    <subfield code="a">ADHIAMBO OWINO LILIAN</subfield>
  </datafield>
  <datafield tag="245" ind1=" " ind2=" ">
    <subfield code="a">EFFECTS OF GOLD MINING ON SUSTAINABILITY OF HOUSEHOLDS LIVELIHOODS IN RONGO SUB-COUNTY,KENYA</subfield>
  </datafield>
  <datafield tag="260" ind1=" " ind2=" ">
    <subfield code="a">KISII</subfield>
    <subfield code="b">KSU</subfield>
    <subfield code="c">2022</subfield>
  </datafield>
  <datafield tag="300" ind1=" " ind2=" ">
    <subfield code="a">XIV,85P;ILL</subfield>
  </datafield>
  <datafield tag="500" ind1=" " ind2=" ">
    <subfield code="a">INCLUDES REFERENCES</subfield>
  </datafield>
  <datafield tag="942" ind1=" " ind2=" ">
    <subfield code="2">lcc</subfield>
    <subfield code="c">REF</subfield>
  </datafield>
  <datafield tag="999" ind1=" " ind2=" ">
    <subfield code="c">216822</subfield>
    <subfield code="d">216822</subfield>
  </datafield>
  <datafield tag="952" ind1=" " ind2=" ">
    <subfield code="0">0</subfield>
    <subfield code="1">0</subfield>
    <subfield code="2">lcc</subfield>
    <subfield code="4">0</subfield>
    <subfield code="6">THE T N424  .00087 02022</subfield>
    <subfield code="7">0</subfield>
    <subfield code="8">SC</subfield>
    <subfield code="9">376290</subfield>
    <subfield code="a">KSUL</subfield>
    <subfield code="b">KSUL</subfield>
    <subfield code="c">DISPLAY</subfield>
    <subfield code="d">2026-03-11</subfield>
    <subfield code="i">101156</subfield>
    <subfield code="l">0</subfield>
    <subfield code="o">THE TN 424 .087 2022</subfield>
    <subfield code="p">000000024094</subfield>
    <subfield code="r">2026-03-11 10:31:43</subfield>
    <subfield code="t">C.1</subfield>
    <subfield code="w">2026-03-11</subfield>
    <subfield code="y">REF</subfield>
  </datafield>
</record>
